Blue lock General Knowledge #3 EASY - Statistics

General Stats
  • This quiz has been taken 400 times
  • The average score is 13 of 15
Answer Stats
Hint Answer % Correct
Color of Chigiris hair red/pink
99%
Nagi's best friend Reo
98%
Top 1 in Blue Lock Rin
98%
Isagi's number 11
97%
Age of Isagi 17
95%
Number of goals Igaguri scored 0
94%
Isagi's friend since the start of Blue Lock Bachira
92%
Best player in the world Noel noa
91%
Animal Aiku represents Snake
91%
Best Player of Team V Nagi
88%
Best player of Team X Barou
83%
Isagi's signature move Direct shot
79%
Team Z Goalkeeper Lemon
73%
Best player of Team Y Niko
73%
Best players of Team W Wanima bros'
52%
No matching quizzes found
Score Distribution
Percent of People with Each Score
Percentile by Number Answered
Your Score History
You have not taken this quiz